Las acciones de preterición y entrega de la legítima como remedio ante la omisión de herederos foszosos en el testamento (Registro nro. 32906)

Detalles MARC
000 -LEADER
fixed length control field 00440 a2200109 4500
001 - CONTROL NUMBER
control field ART_49137
005 - DATE AND TIME OF LATEST TRANSACTION
control field 20260410162019.0
008 - FIXED-LENGTH DATA ELEMENTS--GENERAL INFORMATION
fixed length control field 260409a
100 1# - MAIN ENTRY--PERSONAL NAME
Personal name Merlo, Leandro M.
245 10 - TITLE STATEMENT
Title Las acciones de preterición y entrega de la legítima como remedio ante la omisión de herederos foszosos en el testamento
773 0# - HOST ITEM ENTRY
Title Temas de derecho de familia, sucesiones y bioética
Related parts - Año 4, N° 5 (mayo 2019)
Record control number REV41029

No hay ítems disponibles.